|
|
|
|
| LEADER |
01993nam a2200457 i 4500 |
| 001 |
EBC4816927 |
| 003 |
MiAaPQ |
| 005 |
20200520144314.0 |
| 006 |
m o d | |
| 007 |
cr cnu|||||||| |
| 008 |
170316t20162005enkad ob 001 0 eng d |
| 020 |
|
|
|z 9780754642855
|
| 020 |
|
|
|a 9781351927345
|q (electronic bk.)
|
| 035 |
|
|
|a (MiAaPQ)EBC4816927
|
| 035 |
|
|
|a (Au-PeEL)EBL4816927
|
| 035 |
|
|
|a (CaPaEBR)ebr11356107
|
| 035 |
|
|
|a (CaONFJC)MIL997306
|
| 035 |
|
|
|a (OCoLC)975222502
|
| 040 |
|
|
|a MiAaPQ
|b eng
|e rda
|e pn
|c MiAaPQ
|d MiAaPQ
|
| 050 |
|
4 |
|a P95.45
|b .A765 2016
|
| 082 |
0 |
|
|a 302.346
|2 22
|
| 100 |
1 |
|
|a Arminen, Ilkka,
|e author.
|
| 245 |
1 |
0 |
|a Institutional interaction :
|b studies of talk at work /
|c Ilkka Arminen.
|
| 264 |
|
1 |
|a London, [England] ;
|a New York, New York :
|b Routledge,
|c 2016.
|
| 264 |
|
4 |
|c 2005
|
| 300 |
|
|
|a 1 online resource (286 pages) :
|b illustrations, charts.
|
| 336 |
|
|
|a text
|2 rdacontent
|
| 337 |
|
|
|a computer
|2 rdamedia
|
| 338 |
|
|
|a online resource
|2 rdacarrier
|
| 490 |
1 |
|
|a Directions in Ethnomethodology and Conversation Analysis
|
| 504 |
|
|
|a Includes bibliographical references and indexes.
|
| 588 |
|
|
|a Description based on print version record.
|
| 590 |
|
|
|a Electronic reproduction. Ann Arbor, MI : ProQuest, 2016. Available via World Wide Web. Access may be limited to ProQuest affiliated libraries.
|
| 650 |
|
0 |
|a Conversation analysis.
|
| 650 |
|
0 |
|a Corporations
|x Sociological aspects.
|
| 650 |
|
0 |
|a Business communication.
|
| 655 |
|
4 |
|a Electronic books.
|
| 776 |
0 |
8 |
|i Print version:
|a Arminen, Ilkka.
|t Institutional interaction : studies of talk at work.
|d London, [England] ; New York, New York : Routledge, 2016, c2005
|h xv, 269 pages
|k Directions in ethnomethodology and conversation analysis.
|z 9780754642855
|w 2005927748
|
| 797 |
2 |
|
|a ProQuest (Firm)
|
| 830 |
|
0 |
|a Directions in ethnomethodology and conversation analysis.
|
| 856 |
4 |
0 |
|u https://ebookcentral.proquest.com/lib/matrademy/detail.action?docID=4816927
|z Click to View
|